| 000 | 00851cam a2200301Ia 4500 | ||
|---|---|---|---|
| 999 |
_c7283 _d7283 |
||
| 001 | 25562762 | ||
| 003 | OCoLC | ||
| 005 | 20190205151353.0 | ||
| 008 | 920331s1991 wau b 000 0deng d | ||
| 020 | _a0927545063 | ||
| 020 | _a9780927545068 | ||
| 035 | _a(OCoLC)25562762 | ||
| 040 |
_aMCB _cMCB _dNVS _dCIRBC |
||
| 050 | 4 |
_aBV4501.2 _b.C86 1991 |
|
| 082 |
_a248 _bC973D |
||
| 092 |
_a248 _bC9735 |
||
| 092 | _a248 | ||
| 100 | 1 | _aCunningham, Loren. | |
| 245 | 1 | 0 |
_aDaring to live on the edge / _cLoren Cunningham. |
| 260 |
_aSeattle, WA : _bYWAM Pub., _cc1991. |
||
| 300 |
_a200 p. ; _c20 cm. |
||
| 500 | _aIncludes brief information about the author and his ministry. | ||
| 504 | _aIncludes bibliographical references (p.[201-203]). | ||
| 650 | 0 | _aChristian life. | |
| 650 | 0 | _aFaith. | |
| 650 | 0 |
_aMissions _xFinance. |
|
| 942 |
_2ddc _cBK |
||